000 00404nam a2200145Ia 4500
008 230917s9999||||xx |||||||||||||| ||und||
040 _e95447
_aMAIN
041 _aEnglish
082 _a330.1543 K849T
100 _aKoutsoyiannis, A
245 0 _aTheory of econometrics: An introductory exposition of econometric method
260 _aNew York
_bPalgrave
_c2001
300 _axvii, 681 p.
942 _cBK
999 _c114470
_d114470